000 00282nam a2200121Ia 4500
008 191201s2004 xx 000 0 und d
100 _aLICKER, Mark D
245 0 _aDictionary of Mathematics
260 _aN.Delhi
_bTMH
_c2004
300 _a307
650 _aApplied
942 _2ddc
_cBK
999 _c1892
_d1892